000 00508nam a2200181 a 4500
001 1777708524139
003 YourLibrary
005 20260502132953.0
008 260502s2007##################000#0#eng##
020 _a9781419584374
082 0 4 _a343.05245
_bWIL
100 1 _aWilliamson, Richard T.,
_eauthor.
245 1 0 _aSelling Real Estate Without Paying Taxes :
260 _bKaplan Publishing,
_c2007.
650 0 _aBusiness & Economics.
942 _cENGLISH
040 _aYourLibrary
_beng
_cYourLibrary
999 _c622035
_d622035